Stocks for the long run : (Record no. 1747)

MARC details
000 -LEADER
fixed length control field 00642cam a2200205 4500
001 - CONTROL NUMBER
control field 2206
005 - DATE AND TIME OF LATEST TRANSACTION
control field 20181127164739.0
008 - FIXED-LENGTH DATA ELEMENTS--GENERAL INFORMATION
fixed length control field 931027s1994 ilua b 001 0 eng
010 ## - LIBRARY OF CONGRESS CONTROL NUMBER
LC control number 93038979
020 ## - INTERNATIONAL STANDARD BOOK NUMBER
International Standard Book Number 1556238045
100 1# - MAIN ENTRY--PERSONAL NAME
Personal name Siegel, Jeremy J.
245 10 - TITLE STATEMENT
Title Stocks for the long run :
Remainder of title a guide to selecting markets for long-term growth /
Statement of responsibility, etc. Jeremy J. Siegel.
260 ## - PUBLICATION, DISTRIBUTION, ETC.
Place of publication, distribution, etc. Burr Ridge, Ill. :
Name of publisher, distributor, etc. Irwin,
Date of publication, distribution, etc. c1994.
300 ## - PHYSICAL DESCRIPTION
Extent xvi, 318 p. :
Other physical details ill. ;
Dimensions 24 cm.
504 ## - BIBLIOGRAPHY, ETC. NOTE
Bibliography, etc. note Includes bibliographical references and index.
650 #0 - SUBJECT ADDED ENTRY--TOPICAL TERM
Topical term or geographic name entry element Rate of return.
Topical term or geographic name entry element Stocks
General subdivision History.
Topical term or geographic name entry element Stocks
General subdivision Rate of return.
Topical term or geographic name entry element Stocks.
Holdings
Withdrawn status Lost status Source of classification or shelving scheme Damaged status Not for loan Collection code Home library Current library Shelving location Date acquired Serial Enumeration / chronology Inventory number Total Checkouts Full call number Barcode Date last seen Date last checked out Price effective from Koha item type
    Dewey Decimal Classification     Main TEST RTC Library RTC Library Main opac 02/09/2022 426 1 332.632 SIE 30001711 12/09/2022 02/09/2022 27/11/2018 Main
Royal Thimphu College || All Right Reserved